000 00614nam a2200181 4500
999 _c162151
_d162151
005 20190306123636.0
010 _aENG-124844
020 _a978819319110
_c1650.00
035 _aEN-108376
037 _bDBAD/PUB
082 _a911
100 _aThakur,Vijay
245 _aGeography of british ruled India:
_cby VijayThakur[and]Jagdish Chand
_bwith historical events of taking over domains of rajas/
260 _aNew Delhi
_bACADEMIC AND AGROVET BOOKS
_c2019
270 _a4760-61,23 Ansari Road,Daryaganj,
_bNew Delhi
_e110002
300 _a220p.
_c24cm(Hb)
_bill.
942 _2ddc
_cEN
_h911
_mTHA